| 000 | 00538nam a22001937a 4500 | ||
|---|---|---|---|
| 003 | OSt | ||
| 005 | 20140310183009.0 | ||
| 008 | 130211t xxu||||| |||| 00| 0 eng d | ||
| 020 | _a9789812720580 | ||
| 050 |
_aRT 81.5 _b.B863 2007 |
||
| 100 | _aBurns, Nancy . | ||
| 245 |
_aUnderstanding nursing research : _cBurns, Nancy _bbuilding an evidence-based practice. / |
||
| 260 |
_aSt. Louis, Mo. : _b Saunders Elsevie, _c2007. |
||
| 300 |
_a586 p. : _c21 cm. |
||
| 521 | _aNUR | ||
| 562 | _e1 | ||
| 942 |
_2lcc _cBK _kLOC |
||
| 999 |
_c18217 _d18217 |
||